| 000 | 00920cam a22002291i 4500 | ||
|---|---|---|---|
| 003 | SA-RiAUC | ||
| 005 | 20250411130549.0 | ||
| 008 | 250317q19001999le g 000 p ara c | ||
| 040 |
_aSA-MuMU _bara _cSA-RiAUC _erda |
||
| 082 | 0 | 4 |
_a811.5 _qSA-RiAUC |
| 090 |
_a811.5 _b ا ب ن ف |
||
| 100 | 1 |
_aابن الفارض، عمر بن علي بن مرشد، _d576-632 هجري _eمؤلف. |
|
| 245 | 1 | 0 |
_aديوان ابن الفارض / _cتأليف عمر بن علي بن مرشد بن الفارض. |
| 264 | 1 |
_aبيروت : _bالمكتبة الثقافية، _c[بين 1900 و1999] |
|
| 300 |
_a120 صفحة ؛ _c24 سم |
||
| 336 |
_aنص _btxt _2rdacontent _3كتاب |
||
| 337 |
_aبدون وسيط _bn _2rdamedia |
||
| 338 |
_aمجلد _bnc _2rdacarrier |
||
| 650 | 7 |
_aالشعر العربي _yالعصر العباسي الثاني _2aucsh |
|
| 942 |
_2ddc _cBOOK _n0 |
||
| 949 |
_aSA-JeALM _d250317 _umohamedma123 _n1 |
||
| 999 |
_c6891 _d6891 |
||